SAAB Military Aircraft - Statistics

General Stats
  • This quiz has been taken 78 times
  • The average score is 5 of 11
Answer Stats
Hint Answer % Correct
Current Swedish Air Force Aircraft 39 Gripen
90%
The first fully supersonic aircraft of Western Europe 35
89%
Double-delta multirole aircraft 37 Viggen
82%
Aircraft known as "The Flying Barrel" 29
67%
Aircraft with similar specifications to Britain's Hawker Hunter 32
56%
Light bomber that shares its designation with a famous US bomber B 17
43%
Current Swedish Air Force Trainer SK60/105
43%
Small twin engined bomber B 18
30%
Piston engined trainer 91 Safir
15%
Jet powered version of the above 21R
13%
Pusher aircraft with a twin boom tail 21A
10%
No matching quizzes found
Score Distribution
Percent of People with Each Score
Percentile by Number Answered
Your Score History
You have not taken this quiz